000 00457nam a22001697a 4500
005 20230821105721.0
008 230818b |||||||| |||| 00| 0 eng d
020 _a0-7234-1833-0
041 _aeng
082 _a616.8 DOW-C
100 _aDOWNIE, PATRICIA A.
_98100
245 _aCASH'S TEXTBOOK OF ORTHOPAEDICS AND RHEUMATOLOGY FOR PHYSIOTHERAPISTS
260 _aJAYPEE BROTHERS
_bNEW DELHI
_c1992
300 _a637;p
650 _aBPT
_98101
942 _cBK
999 _c8384
_d8382